Statistiques concernant Les films comiques français

Cliquez ici pour prendre le quiz!

Statistiques générales

  • Ce quiz a été pris 314 fois
  • Le résultat moyen est 25 sur 30

Statistiques - réponses

Titre du film Mot % Correct
Le père Noël est une 6ordure
99%
La 5 aux chouxsoupe
99%
La vie est un long 6 tranquillefleuve
98%
La 6 des boutonsguerre
98%
La 6 si je mensvérité
98%
Le diner de 4cons
98%
4 à déclarerrien
97%
Le fabuleux 6 d'Amélie Poulaindestin
97%
Ni vu, ni 5connu
96%
L'aile ou la 6cuisse
96%
Les 7 flingueurstontons
95%
La cité de la 4peur
95%
La 5 des grandeursfolie
95%
Le 5 Nicolaspetit
92%
La 7 Bélierfamille
91%
La grande 10vadrouille
91%
Un 6 dans la villeindien
90%
L' 7 espagnoleauberge
89%
Les 5 frèrestrois
88%
4 fait de la résistancePapy
88%
Les 9 de Rabbi Jacobaventures
85%
Le grand 5 avec une chaussure noireblond
85%
L'élève 6Ducobu
84%
Case 6départ
74%
Sur la piste du 11marsupilami
66%
Les 5 gardiensanges
63%
L'enquête 5corse
56%
Les vacances de Monsieur 5Hulot
53%
La 9 de Paristraversée
47%
Les 5 gossesbeaux
41%

Distribution des résultats

Percentile by Number Answered

% des personnes avec chaque résultat

Votre développement - résultats

Vous n’avez pas pris ce quiz